Catálogo

Vista normal Vista MARC

Entrada Personal Name

Número de registros utilizados en: 1

001 - CONTROL NUMBER

  • control field: 17898

003 - CONTROL NUMBER IDENTIFIER

  • control field: DLC

005 - DATE AND TIME OF LATEST TRANSACTION

  • control field: 20260309135410.0

008 - FIXED-LENGTH DATA ELEMENTS

  • fixed length control field: 971029n| acannaab| a aad c

010 ## - LIBRARY OF CONGRESS CONTROL NUMBER

  • LC control number: n 97851328

035 ## - SYSTEM CONTROL NUMBER

  • System control number: (NN-PD)NN 301638788

040 ## - CATALOGING SOURCE

  • Original cataloging agency: NN-PD
  • Transcribing agency: Mx-PuUPA
  • Language of cataloging: spa
  • Modifying agency: Mx-PuUPA
  • Description conventions: rda

100 10 - HEADING--PERSONAL NAME

  • Personal name: Cerón Ruiz, Miguel Angel,

374 ## - OCCUPATION

  • Occupation: Autor
  • Occupation: Historiador

375 ## - GENDER

  • Gender: hombre

377 ## - ASSOCIATED LANGUAGE

  • Language code: spa

400 10 - SEE FROM TRACING--PERSONAL NAME

  • Personal name: Ruiz, Miguel Angel Cerón

670 ## - SOURCE DATA FOUND

  • Source citation: *MGZA Boletín informativo del CID-Danza. no. 2, 1985, p. 14.